000 00810nam a2200301 a 4500
999 _c8339
_d8339
001 8339
003 BD-JhCC
005 20180402100612.0
008 771201s1965 nyu 000 0 eng
035 _a(BD-JhCC)8339
035 _a(OCoLC)3458770
040 _aBD-JhCC
_cNcRS
_dBD-JhCC
041 _aeng
050 0 0 _aPS625
_b.D3 1965
082 _a808.2
_bDAV 1965
100 1 _aDavid, Agnes,
245 1 2 _aA book of plays /
_c[edited by] M. Agnes David.
250 _aRev. ed.
260 _aNew York,
_bMacmillan
_c[1965]
300 _ax, 245 p.
_c21 cm.
490 1 _aThe Pageant of literature
650 0 _aAmerican drama.
650 0 _aEnglish drama.
650 0 _aEnglish language
_xRhetoric
_cProblems, exercises, etc.
830 0 _aLiving literature.
942 _2ddc
_cBK